Kassel - Straßenbahnlinie 8 - Statistiken

Allgemein
  • Dieses Quiz wurde 190 mal gespielt
  • Das Durchschnittsergebnis liegt bei 18 aus 30
Antwortstatistiken
Stadtteil Haltestelle % Korrekt
Mitte Rathaus/Fünffensterstraße
95%
Mitte Königsplatz
93%
Mitte Rathaus
93%
Mitte Am Stern
90%
Mitte Friedrichsplatz
90%
Kirchditmold Hessenschanze
85%
Kaufungen Papierfabrik
78%
Vorderer Westen Querallee
78%
Mitte Altmarkt/Regierungspräsidium
76%
Vorderer Westen Bebelplatz
76%
Unterneustadt Platz der Deutschen Einheit
73%
Vorderer Westen Annastraße
68%
Vorderer Westen Friedenskirche
66%
Mitte Karthäuserstraße
63%
Mitte Ständeplatz
63%
Kirchditmold Teichstraße
61%
Unterneustadt Unterneustädter Kirchplatz
59%
Vorderer Westen Breitscheidstraße
54%
Bettenhausen Leipziger Platz
54%
Bettenhausen Leipziger Straße
51%
Kirchditmold Prinzenquelle
49%
Kirchditmold Kirche Kirchditmold
46%
Bettenhausen Kirchgasse
46%
Vorderer Westen Aschrottstraße
44%
Unterneustadt/Bettenhausen Sandershäuser Straße
41%
Kirchditmold Riedwiesen
39%
Kirchditmold Stahlbergstraße
37%
Bettenhausen Lindenberg
34%
Bettenhausen Am Kupferhammer
22%
Bettenhausen Forstfeldstraße
20%
Keine übereinstimmenden Quizze gefunden
Verteilung der Resultate
Anzahl Personen mit jedem Resultat
Perzentil nach korrekt beantworteten Fragen
Ihre Resultats-Entwicklung
Sie haben dieses Quiz noch nicht gespielt